| 000 | 00698nam a2200217 i 4500 | ||
|---|---|---|---|
| 001 | bg | ||
| 100 | 1 | _aGOLDMAN, Martin. | |
| 245 | 1 | 0 |
_aWspółpraca z prasą i public relations : _b[poradnik dla małych firm, wydawnictw, organizacji non profit i stowarzyszeń / _cMartin Goldman, Gabriele Hooffacker ; tł. z jęz. niem. Magdalena Walulik. |
| 260 |
_aWarszawa : _b"Sic!", _ccop. 1997. |
||
| 300 |
_a191, [1] s. ; _c19 cm. |
||
| 650 | 9 | _aPublic relations | |
| 655 | _aPoradniki | ||
| 700 | 1 | _aHOOFFACKER, Gabriele. | |
| 020 | _a8386056363 | ||
| 040 | _cBPK | ||
| 041 | 1 |
_apl _hde |
|
| 080 | _a659.4 | ||
| 920 | _a83-86056-36-3 | ||
| 942 | _cKS | ||
| 008 | s pl f |000 0 pol | ||
| 999 |
_c34732 _d34732 |
||
| 856 |
_uhttp://koha.tu.koszalin.pl/cgi-bin/koha/opac-detail.pl?biblionumber=34732 _yKatalog online BPK |
||